000 00568nam a2200205Ia 4500
005 20250701164513.0
008 008 250505s9999 xx 000 0 jpn d
020 _a9784893589132; 1923081020004
037 _aTextual
040 _aEASL
_beng
_cEASL
041 _ajpn
_2jpn
084 _qEASL
100 _aShimiza Masayuki
_9815065
245 0 _aNihongo Gakushusha No Tame No Dokkai Gensen Theme 10 Chukyu
260 _aJapan
_bJ Bonjinsha
_c2016
300 _a163pg
700 _aHayashi Mayumi
_9815066
942 _cTEXL
999 _c1433295
_d1433295